محمد نبي الرحمة صلى الله عليه و سلم / (Record no. 109488)

MARC details
000 -الفاتح
عناصر البيانات ثابتة الطول 00805cam a2200205 i 4500
005 - تاريخ ووقت آخر معاملة
حقل ضبط 20251230094544.0
008 - عناصر البيانات ثابتة الطول
عناصر البيانات ثابتة الطول 250721s2007 ua gr 000 0 ara d
082 14 - رقم تصنيف ديوي العشري
رقم التصنيف 219
رقم المادة ق و ص
100 1# - مدخل رئيسي – اسم شخصي
الاسم الشخصي القوصي، صلاح الدين
علاقة الشخص بالعمل/ دوره مؤلف.
245 10 - بيان العنوان
العنوان محمد نبي الرحمة صلى الله عليه و سلم /
بيان المسؤولية عبدالله صلاح الدين القوصي ؛ محمد سيد الطنطاوي
250 ## - بيان الطبعة
بيان الطبعة الطبعه.الخامسه.
264 31 - بيانات النشر، التوزيع…إلخ
مكان النشر، التوزيع...إلخ القاهرة :
اسم الناشر، الموزع...إلخ مكتبة جزيرة الورد،
تاريخ النشر، التوزيع...إلخ 2007.
300 ## - الوصف المادي
عدد الوحدات المكونة للوعاء 391 صفحه.
490 0# - بيان السلسلة
عنوان السلسلة الإسلام : شريعة و طريقة و حقيقة
650 17 - مدخل إضافي بالموضوع - مصطلح موضوعي
مصطلح موضوعي أو اسم جغرافي كعنصر مدخل الإسلام.
650 17 - مدخل إضافي بالموضوع - مصطلح موضوعي
مصطلح موضوعي أو اسم جغرافي كعنصر مدخل السيرة النبوية.
650 17 - مدخل إضافي بالموضوع - مصطلح موضوعي
مصطلح موضوعي أو اسم جغرافي كعنصر مدخل أخلاق الرسول.
942 ## - بيانات إضافية (كوها)
نوع التنصيف Dewey Decimal Classification
نوع المادة (كوها) Books
Holdings
حالة السحب حالة الفقدان مصدر التصنيف حالة التلف غير قابل للإعارة المكتبة الرئيسية المكتبة الحالية موقع الرف تاريخ التزويد الرقم المتسلسل Total Checkouts رقم الإستدعاء الباركود تاريخ آخر ظهور تاريخ الفاتورة نوع المادة (كوها)
    Dewey Decimal Classification     المكتبة المركزية المكتبة المركزية الإعارة 28/07/2025 1134935   219 / ق و ص 1134935 28/07/2025 28/07/2025 Books
    Dewey Decimal Classification     مكتبة أبو علندا العامة مكتبة أبو علندا العامة الإعارة 28/07/2025 1134940   219/قوص 1134940 28/07/2025 28/07/2025 Books
    Dewey Decimal Classification     مكتبة الأميرة ايمان العامة مكتبة الأميرة ايمان العامة الإعارة 28/07/2025 1134936   219/قوص 1134936 28/07/2025 28/07/2025 Books
    Dewey Decimal Classification     مكتبة الحسن العامة مكتبة الحسن العامة الإعارة 28/07/2025 1134938   219/قوص 1134938 28/07/2025 28/07/2025 Books
    Dewey Decimal Classification     مكتبة حمزة العامة مكتبة حمزة العامة الإعارة 28/07/2025 1134939   219/قوص 1134939 28/07/2025 28/07/2025 Books
    Dewey Decimal Classification     مكتبة صويلح العامة مكتبة صويلح العامة الإعارة 28/07/2025 1134937   219/قوص 1134937 28/07/2025 28/07/2025 Books
Implemented & Customized by: BBB with SCIT (Smart Chains for Information Technology)

Powered by Koha